Normal view
MARC view
- Misra,. H. N. / Singh ,. V. P
Entry Personal Name
001 - CONTROL NUMBER
- control field: 38318
003 - CONTROL NUMBER IDENTIFIER
- control field: OSt
005 - DATE AND TIME OF LATEST TRANSACTION
- control field: 20220806100026.0
008 - FIXED-LENGTH DATA ELEMENTS
- fixed length control field: 220806|| aca||aabn | a|a d
040 ## - CATALOGING SOURCE
- Original cataloging agency: OSt
- Transcribing agency: OSt
100 ## - HEADING--PERSONAL NAME
- Personal name: Misra,. H. N. / Singh ,. V. P
670 ## - SOURCE DATA FOUND
- Source citation: Work cat.: (OSt)23217: Misra,. H. N. / Singh ,. V. P., Research Methodology, 1995